Sports Quiz

Random Sports or WWE Quiz

WWE & Intercontinental Champions Quiz Stats

 Plays Quiz not verified by Sporcle

Score 0/28 Timer 03:00
0 Plays Today
% Correct
Chris Jericho
93.7%
Edge
93%
The Miz
92.6%
Daniel Bryan
92%
Dean Ambrose
91.6%
Jeff Hardy
91.3%
Shawn Michaels
90.9%
The Rock
90.5%
Randy Orton
90.4%
Kofi Kingston
89.4%
Bret Hart
89.4%
Kurt Angle
89.3%
Eddie Guerrero
89%
Rey Mysterio
87.6%
% Correct
Rob Van Dam
87.4%
Triple H
87%
Big Show
86.8%
CM Punk
86.3%
Steve Austin
85.6%
Randy Savage
85.4%
Kane
83.5%
Ric Flair
81.1%
John 'Bradshaw' Layfield
79.8%
Ultimate Warrior
78.3%
Diesel
77.4%
Pedro Morales
66.8%
Roman Reigns
64.1%
Seth Rollins
55.3%

You're not logged in!

Compare scores with friends on all Sporcle quizzes.
OR
Log In

Sporcle TV

Today on Sporcle TV


Watch our educational content, quiz creation guides, and fun videos on Sporcle TV.

Show Comments

Extras

Top Quizzes Today


Score Distribution

Your Account Isn't Verified!

In order to create a playlist on Sporcle, you need to verify the email address you used during registration. Go to your Sporcle Settings to finish the process.

Report this User

Report this user for behavior that violates our Community Guidelines.

Details: